الساق على الساق فى ما هو الفارياق : او : ايام وشهور وأعوام فى عجم العرب والاعجام / (رقم التسجيلة. 93188)
[ عرض عادي ]
| 000 -LEADER | |
|---|---|
| fixed length control field | 01126cam a2200265 a 4500 |
| 003 - CONTROL NUMBER IDENTIFIER | |
| control field | EG-GiCUC |
| 008 - FIXED-LENGTH DATA ELEMENTS--GENERAL INFORMATION | |
| fixed length control field | 070310s196u ua g 000 0 ara d |
| 040 ## - CATALOGING SOURCE | |
| Original cataloging agency | EG-GiCUC |
| Language of cataloging | ara |
| Transcribing agency | EG-GiCUC |
| 050 #4 - LIBRARY OF CONGRESS CALL NUMBER | |
| Classification number | P6611 |
| Item number | H48S2 |
| 092 04 - LOCALLY ASSIGNED DEWEY CALL NUMBER (OCLC) | |
| Classification number | 081 |
| Item number | S5552s |
| Edition number | 21 |
| 099 ## - LOCAL FREE-TEXT CALL NUMBER (OCLC) | |
| Classification number | 04 |
| -- | 081 S5552s |
| 100 1# - MAIN ENTRY--PERSONAL NAME | |
| Personal name | الشدياق: احمد فارس: |
| Dates associated with a name | 1804?-1887 |
| 245 12 - TITLE STATEMENT | |
| Title | الساق على الساق فى ما هو الفارياق : او : ايام وشهور وأعوام فى عجم العرب والاعجام / |
| Statement of responsibility, etc. | تأليف احمد فارس الشدياق |
| 246 33 - VARYING FORM OF TITLE | |
| Title proper/short title | ايام وشهور وأعوام فى عجم العرب والاعجام |
| 260 ## - PUBLICATION, DISTRIBUTION, ETC. | |
| Place of publication, distribution, etc. | القاهرة : |
| Name of publisher, distributor, etc. | المكتبة التجارية: |
| Date of publication, distribution, etc. | [196-] |
| 300 ## - PHYSICAL DESCRIPTION | |
| Extent | 2مج فى. 1 ؛ |
| Dimensions | 24سم. |
| 500 ## - GENERAL NOTE | |
| General note | نسخة مصورة عن مطبعة الفنون الوطنية. |
| 504 ## - BIBLIOGRAPHY, ETC. NOTE | |
| Bibliography, etc. note | يشتمل على ارجاعات ببليوجرافية. |
| 650 #7 - SUBJECT ADDED ENTRY--TOPICAL TERM | |
| Topical term or geographic name entry element | المقالات العربية. |
| Source of heading or term | qrmak |
| 650 #7 - SUBJECT ADDED ENTRY--TOPICAL TERM | |
| Topical term or geographic name entry element | المقالات |
| General subdivision | مجموعات(عربى). |
| Source of heading or term | qrmak |
| 902 ## - LOCAL DATA ELEMENT B, LDB (RLIN) | |
| No. of Items | 1 |
| 905 ## - LOCAL DATA ELEMENT E, LDE (RLIN) | |
| Cataloger | جمال |
| Reviser | مدخل |
| 905 ## - LOCAL DATA ELEMENT E, LDE (RLIN) | |
| Cataloger | عمر |
| Reviser | مراجع |
| 942 ## - ADDED ENTRY ELEMENTS (KOHA) | |
| Source of classification or shelving scheme | Dewey Decimal Classification |
| Koha item type | Books |
| Source of classification or shelving scheme | Not for loan | Home library | Current library | Date acquired | Full call number | Barcode | Date last seen | Copy number | Koha item type |
|---|---|---|---|---|---|---|---|---|---|
| Dewey Decimal Classification | المكتبة المركزبة الجديدة - جامعة القاهرة | قاعة الكتب - الدور الثاني | 11.02.2024 | 081 S5552s | 01000100100579000 | 22.09.2023 | v.1 , 2 | C.1 | Books |